000 00613nam a2200217 a 4500
001 24532
003 CO-ViMGA
008 141112s2004 ck r 000 u spa d
020 _a9788496424067
040 _aCO-ViMGA
_bspa
_cCO-ViMGA
082 0 4 _a724.91 S285a
100 1 _aSchulz, Daniel
_936485
245 1 0 _aArquitectura y creatividad actual /
_cDaniel Schulz
246 _aGlobal creative architecture
250 _a1
260 _aEspaƱa :
_bLinks,
_c2008
300 _a271 p.
490 _aSeleccion de obras de arquitectos internacionales
650 1 4 _aAquitectura moderna
_936486
942 _2ddc
_cBK
999 _c32359
_d32359